000 01155cam0 2200325 ib4500
001 BY-MI0005-br78238
005 20260409162847.0
010 ^a978-985-549-133-1
^d0р.72к.
035 ^a(BY-MI0005)BY-MI0005-br78238
100 ^a20131101d2012 b y0rusy50 ca
101 0 ^arus
102 ^aBY
105 ^aa z 000yy
109 ^ama
200 1 ^aАзбука в стихах
^eдля дошкольного и младшего школьного возраста
^fответстственный за выпуск В. Ивлева
210 ^aМинск
^cБукмастер
^d2012
215 ^a[16] с.
^cил.
^d26 см
225 0 ^aЧитаем по слогам
345 ^911 000 экз.
610 0 ^aДЕТСКАЯ ЛИТЕРАТУРА
610 0 ^aСКАЗКА
615 ^3BY-SEK-ar1826174
^aБелорусский национальный документ
686 ^aД
^v2
^2rubbk
690 ^a1
^2Base
^9BY-MI0005
^xRSEK
702 1 ^aИвлева
^bВ.
^4540
801 0 ^aBY
^bBY-MI0005
^c20131101
^gpsbo
801 2 ^aBY
^bBY-MI0005
^c20220302
^gRCR
899 0 ^aBY-MI0005
^iА35
^hД